000 00687cam a2200265 4500
008 090401t1997 xxu||||| |||| 00| 0 eng d
020 _a0419224009
035 _a(Sirsi) u90713
041 _aeng
050 _a690.241
100 _aDelafons, John
245 _aPolitics and preservation : a policy history of the built heritage 1882-1996.
260 _aLondon
_bE & F N Spon
_c1997
300 _axii,215p. : ill. ; 25cm.
350 _a24.99
650 _aBUILT HERITAGE
650 _aCHURCHES
650 _aCONSERVATION
650 _aENGLISH HERITAGE
650 _aPLANNING
650 _aPRESERVATION
690 _aCONSERVATION
942 _n0
948 _c14/01/1999
999 _c97577
_d97577